Eu, Christiane F., 13 anos, drogada, prostituída... (Record no. 185792)

MARC details
000 -LÍDER
campo de controle de tamanho fixo 00438 a2200169 4500
001 - NÚMERO DE CONTROLE
campo de controle 185792
020 ## - ISBN - INTERNATIONAL STANDARD BOOK NUMBER
ISBN - International Standard Book Number 85-286-0470-5
040 ## - FONTE DA CATALOGAÇÃO
Instituição que transcreveu o registro Magnum
100 ## - ENTRADA PRINCIPAL--NOME PESSOAL
Nome pessoal Hermann, Kai
240 10 - TÍTULO UNIFORME
Título uniforme Eu, Christiane F., 13 anos, drogada, prostituída...
Idioma da obra por
245 10 - TÍTULO
Título Eu, Christiane F., 13 anos, drogada, prostituída...
300 ## - DESCRIÇÃO FÍSICA
Extensão 320
362 0# - DATAS DE PUBLICAÇÃO E/OU DESIGNAÇÃO SEQUENCIAL
Datas de publicação e/ou designação sequencial 2002
440 #1 - DECLARAÇÃO DE SÉRIE/ENTRADA ADICIONADA--TÍTULO
Título Bertrand Brasil
697 ## - ENTRADA DE ASSUNTO LOCAL--ENTIDADE COLETIVA (RLIN)
Nome corporativo ou nome da jurisdição LITERATURA GERAL ESTRANGEIRA
942 ## - ELEMENTOS DE ENTRADA ADICIONADOS (KOHA)
Tipo de material Koha Livros
Holdings
Situação do descarte Situação das perdas Situação física Não pode ser emprestado Biblioteca de origem Biblioteca atual Data de aquisição Total de empréstimos Número de chamada completo Código de barras Data de último acesso Data do preço efetivo Tipo de material Koha
        Magnum Magnum 08/06/2024   890.2.246 MAG00050394 08/06/2024 08/06/2024 Livros